000 00363 a2200121 4500
245 _aPenguin history of Greece
_hprint
005 20191021100237.0
260 _aenk
_bPenguin
_c1966
084 _aDF214 .B8 1966
300 _a415 p. maps. 19 cm.
_b415 p. maps. 19 cm.
_c415 p. maps. 19 cm.
500 _a[by] A. R. Burn.
490 _aPelican books, A792
999 _c13249
_d13249